[Event "Banicky Kahanec 31st"]
[Site "Prievidza"]
[Date "2009.05.02"]
[Round "1"]
[White "Markos, Jan"]
[Black "Miton, Kamil"]
[Result "1/2-1/2"]
[WhiteElo "2571"]
[BlackElo "2596"]
[PlyCount "149"]
[EventDate "2009.05.02"]
[EventType "tourn"]
[EventRounds "10"]
[EventCountry "SVK"]
[EventCategory "13"]

1. Nf3 Nf6 2. g3 g6 3. Bg2 Bg7 4. O-O O-O 5. c4 d6 6. d4 c6 7. Nc3 Bf5 8. Bf4
Na6 9. Qd2 Ne4 10. Nxe4 Bxe4 11. Bh6 d5 12. c5 Re8 13. Bxg7 Kxg7 14. Rac1 Bxf3
15. exf3 e5 16. dxe5 Rxe5 17. f4 Re8 18. Rc3 Qf6 19. g4 Kg8 20. g5 Qe7 21. Rfc1
Rad8 22. f5 d4 23. Rd3 Nxc5 24. Rxd4 Ne4 25. Re1 gxf5 26. Rxd8 Rxd8 27. Qa5 Rd5
28. Qxa7 Qb4 29. Rb1 Kg7 30. h4 Qd2 31. Qe3 Rd3 32. Qxd2 Rxd2 33. a4 Rd4 34. a5
Rb4 35. Rc1 Rxb2 36. a6 bxa6 37. Rxc6 Nxf2 38. Rxa6 Ng4 39. Bf3 Ne5 40. Bh5 Rb4
41. Ra5 Re4 42. Rd5 Ng6 43. Rxf5 Rxh4 44. Bd1 Rf4 45. Ra5 Nh4 46. Bh5 Nf5 47.
Kg2 Nd6 48. Kg3 Rd4 49. Kh3 Rd3+ 50. Kh4 Re3 51. Ra7 Re4+ 52. Kh3 Rf4 53. Kg3
Rf5 54. Kg4 Rf1 55. Re7 Kf8 56. Re5 Rh1 57. Re3 Nc4 58. Re4 Nd6 59. Re3 Ra1 60.
Re5 Rg1+ 61. Kf4 Rh1 62. Be2 Rh4+ 63. Kg3 Rd4 64. Bh5 Ne4+ 65. Kf3 Nd6 66. Kg3
Kg7 67. Kf3 Ra4 68. Rd5 Ra3+ 69. Kf4 Ra4+ 70. Kf3 Ra6 71. Kf4 f6 72. gxf6+ Kxf6
73. Be2 Ra4+ 74. Kf3 Nf7 75. Ke3 1/2-1/2

[Event "Banicky Kahanec 31st"]
[Site "Prievidza"]
[Date "2009.05.02"]
[Round "1"]
[White "Ftacnik, Lubomir"]
[Black "Bartel, Mateusz"]
[Result "0-1"]
[WhiteElo "2559"]
[BlackElo "2601"]
[PlyCount "164"]
[EventDate "2009.05.02"]
[EventType "tourn"]
[EventRounds "10"]
[EventCountry "SVK"]
[EventCategory "13"]

1. d4 Nf6 2. Nf3 e6 3. c4 d5 4. Nc3 Bb4 5. cxd5 exd5 6. Bg5 O-O 7. e3 Be6 8.
Be2 Nbd7 9. O-O c5 10. dxc5 Bxc3 11. bxc3 Nxc5 12. Qd4 Nce4 13. Rfc1 Qa5 14.
Qb4 Qxb4 15. cxb4 Nxg5 16. Nxg5 Rfc8 17. Nxe6 fxe6 18. f3 Kf7 19. Kf2 Ke7 20.
Ke1 Kd6 21. Kd2 Rxc1 22. Rxc1 a5 23. bxa5 Rxa5 24. Rc2 Nd7 25. Rb2 Nc5 26. Bd3
h6 27. Bb1 b5 28. Bd3 Kc6 29. Bg6 Ra8 30. Bd3 Ra5 31. Bg6 Na4 32. Rc2+ Kd7 33.
f4 b4 34. e4 dxe4 35. Bxe4 Nc3 36. Bd3 Rxa2 37. Rxa2 Nxa2 38. Kc2 Kd6 39. Bc4
Nc3 40. Kd3 Nd5 41. g3 Nf6 42. Kd4 Ng4 43. h4 Nf6 44. Be2 b3 45. Kc3 Ne4+ 46.
Kxb3 Nxg3 47. Bd1 Nf5 48. h5 Kd5 49. Kc3 Ke4 50. Bb3 Kxf4 51. Bxe6 Ng3 52. Bf7
Kg5 53. Kd3 Nxh5 54. Ke3 Ng3 55. Kf3 Nf5 56. Be8 Kf6 57. Kg4 g6 58. Bb5 h5+ 59.
Kh3 g5 60. Be2 Kg6 61. Bf3 Kh6 62. Be2 Nd4 63. Bd1 Kg6 64. Kg3 Nf5+ 65. Kf3 Nh6
66. Kg3 h4+ 67. Kh3 Kf5 68. Bh5 Kf4 69. Be2 Nf5 70. Bh5 Nd4 71. Bg4 Nf3 72. Bc8
Ne5 73. Be6 Ng6 74. Bc8 Ke5 75. Bb7 Kf5 76. Bc8+ Kf6 77. Bd7 Ne5 78. Ba4 Kf5
79. Bc2+ Kf4 80. Ba4 g4+ 81. Kxh4 Nf3+ 82. Kh5 g3 0-1

[Event "Banicky Kahanec 31st"]
[Site "Prievidza"]
[Date "2009.05.03"]
[Round "2"]
[White "Polak, Tomas"]
[Black "Miton, Kamil"]
[Result "1/2-1/2"]
[WhiteElo "2508"]
[BlackElo "2596"]
[PlyCount "60"]
[EventDate "2009.05.02"]
[EventType "tourn"]
[EventRounds "10"]
[EventCountry "SVK"]
[EventCategory "13"]

1. d4 Nf6 2. c4 e6 3. Nf3 d5 4. Nc3 Bb4 5. Qa4+ Nc6 6. e3 O-O 7. Bd2 dxc4 8.
Bxc4 Bd6 9. Nb5 Be7 10. O-O a6 11. Nc3 Bd6 12. Rfd1 e5 13. d5 Ne7 14. e4 Ng6
15. Re1 Qe7 16. Bf1 Bg4 17. Qd1 Nh4 18. Be2 Nxf3+ 19. Bxf3 Bd7 20. Rc1 h6 21.
a3 c6 22. Be3 cxd5 23. Nxd5 Nxd5 24. Qxd5 Bc6 25. Qb3 Rfd8 26. Bb6 Bc7 27. Bc5
Bd6 28. Bb6 Bc7 29. Bc5 Bd6 30. Bb6 Bc7 1/2-1/2

[Event "Banicky Kahanec 31st"]
[Site "Prievidza"]
[Date "2009.05.03"]
[Round "2"]
[White "Babula, Vlastimil"]
[Black "Ftacnik, Lubomir"]
[Result "1-0"]
[WhiteElo "2584"]
[BlackElo "2559"]
[PlyCount "81"]
[EventDate "2009.05.02"]
[EventType "tourn"]
[EventRounds "10"]
[EventCountry "SVK"]
[EventCategory "13"]

1. d4 Nf6 2. c4 g6 3. Nc3 d5 4. Nf3 Bg7 5. Qb3 dxc4 6. Qxc4 O-O 7. e4 a6 8. Qa4
b6 9. Be2 Bb7 10. Qc2 Nc6 11. d5 Nb4 12. Qb3 a5 13. a3 Na6 14. O-O Nc5 15. Qc2
c6 16. dxc6 Bxc6 17. e5 Nfd7 18. Bf4 Ne6 19. Bg3 Bxf3 20. Bxf3 Nd4 21. Qe4
Nxf3+ 22. gxf3 Nc5 23. Qe3 Qd3 24. Rad1 Qxe3 25. fxe3 e6 26. Rf2 Rad8 27. Rfd2
Rxd2 28. Rxd2 f6 29. Rd6 fxe5 30. b4 axb4 31. axb4 Nb3 32. Kg2 Bh6 33. Ne4 Rf5
34. Rd1 Bxe3 35. Rd3 Bd4 36. Rxb3 Rf8 37. Ra3 Rc8 38. Ra7 Rc2+ 39. Kh3 h6 40.
Nf6+ Kf8 41. Nd7+ 1-0

[Event "Banicky Kahanec 31st"]
[Site "Prievidza"]
[Date "2009.05.04"]
[Round "3"]
[White "Markos, Jan"]
[Black "Babula, Vlastimil"]
[Result "0-1"]
[WhiteElo "2571"]
[BlackElo "2584"]
[PlyCount "90"]
[EventDate "2009.05.02"]
[EventType "tourn"]
[EventRounds "10"]
[EventCountry "SVK"]
[EventCategory "13"]

1. d4 Nf6 2. Nf3 e6 3. e3 b6 4. Bd3 Bb7 5. O-O c5 6. c4 cxd4 7. exd4 Be7 8. Nc3
d5 9. cxd5 Nxd5 10. Ne5 O-O 11. Qh5 g6 12. Qh3 Nc6 13. Ba6 Qc7 14. Nxd5 exd5
15. Bxb7 Qxb7 16. Bh6 Rfe8 17. Qf3 Nxe5 18. dxe5 Qd7 19. Rad1 Rad8 20. Rfe1 Qe6
21. Qf4 Rc8 22. b3 a5 23. Re3 Rc2 24. a4 Bc5 25. Rf3 Re2 26. Qf6 Qxf6 27. Rxf6
R2xe5 28. h4 R8e6 29. Rf3 Re1+ 30. Rxe1 Rxe1+ 31. Kh2 f5 32. Rd3 d4 33. g3 Kf7
34. Kg2 Ke6 35. Kf3 Kd5 36. Bg7 Re4 37. Bh6 Bb4 38. Bf4 Re1 39. Bc7 Kc5 40. Kf4
h6 41. Bd8 Re4+ 42. Kf3 Bc3 43. Rd1 Kb4 44. Bxb6 Kxb3 45. Rb1+ Kc2 0-1

[Event "Banicky Kahanec 31st"]
[Site "Prievidza"]
[Date "2009.05.04"]
[Round "3"]
[White "Miton, Kamil"]
[Black "Bartel, Mateusz"]
[Result "0-1"]
[WhiteElo "2596"]
[BlackElo "2601"]
[PlyCount "100"]
[EventDate "2009.05.02"]
[EventType "tourn"]
[EventRounds "10"]
[EventCountry "SVK"]
[EventCategory "13"]

1. d4 Nf6 2. c4 e6 3. Nf3 d5 4. Nc3 Bb4 5. Qa4+ Nc6 6. a3 Bxc3+ 7. bxc3 Bd7 8.
Qc2 h6 9. e3 O-O 10. Bd3 dxc4 11. Bxc4 Na5 12. Be2 c5 13. a4 cxd4 14. cxd4 Rc8
15. Qb2 Nc4 16. Bxc4 Rxc4 17. O-O Qc7 18. Ne5 Rc2 19. Qb3 Rc8 20. Bb2 Ne4 21.
Qa3 Bxa4 22. Qxa4 Rxb2 23. Qxa7 Nd2 24. Qa3 Qc2 25. Qe7 Nxf1 26. Qxf7+ Kh7 27.
Rxf1 Rb1 28. g4 Rxf1+ 29. Kxf1 Qe4 30. g5 Rc1+ 31. Ke2 Qc2+ 32. Kf3 Qf5+ 33.
Qxf5+ exf5 34. g6+ Kg8 35. Kf4 b5 36. Nd3 Rc3 37. Nb4 Rc4 38. Nd3 b4 39. Kxf5
b3 40. d5 Rc3 41. Nb2 Rc2 42. Na4 Ra2 43. Nc3 Kf8 44. Ke6 Ke8 45. d6 Rxf2 46.
e4 Rf6+ 47. Kd5 b2 48. e5 Rf3 49. Nb1 Rf1 50. Nc3 Rc1 0-1

[Event "Banicky Kahanec 31st"]
[Site "Prievidza"]
[Date "2009.05.04"]
[Round "3"]
[White "Ftacnik, Lubomir"]
[Black "Polak, Tomas"]
[Result "1-0"]
[WhiteElo "2559"]
[BlackElo "2508"]
[PlyCount "91"]
[EventDate "2009.05.02"]
[EventType "tourn"]
[EventRounds "10"]
[EventCountry "SVK"]
[EventCategory "13"]

1. Nf3 Nf6 2. c4 e6 3. Nc3 Bb4 4. Qc2 O-O 5. a3 Bxc3 6. Qxc3 b6 7. b4 Bb7 8.
Bb2 d6 9. e3 Nbd7 10. Be2 c5 11. O-O Rc8 12. d3 Qe7 13. b5 Rfd8 14. a4 a5 15.
e4 d5 16. exd5 exd5 17. cxd5 Bxd5 18. Rae1 Qd6 19. Nd2 Qf4 20. Nc4 Qg5 21. Ne3
Ba8 22. f4 Qg6 23. Bf3 h5 24. Bxa8 Rxa8 25. Rf3 h4 26. Rh3 Nf8 27. f5 Qg5 28.
Qc4 N8h7 29. Rf1 Re8 30. Bc1 Qh5 31. Rf2 Rad8 32. Rxh4 Rxe3 33. Rxh5 Re1+ 34.
Rf1 Rxf1+ 35. Kxf1 Nxh5 36. Bb2 N7f6 37. Kf2 Nd5 38. Qh4 Nhf6 39. g4 Re8 40. g5
Nd7 41. Bxg7 Kxg7 42. Qh6+ Kg8 43. f6 N7xf6 44. gxf6 Nxf6 45. Qxf6 Re6 46. Qxe6
1-0

[Event "Banicky Kahanec 31st"]
[Site "Prievidza"]
[Date "2009.05.05"]
[Round "4"]
[White "Ftacnik, Lubomir"]
[Black "Markos, Jan"]
[Result "1/2-1/2"]
[WhiteElo "2559"]
[BlackElo "2571"]
[PlyCount "66"]
[EventDate "2009.05.02"]
[EventType "tourn"]
[EventRounds "10"]
[EventCountry "SVK"]
[EventCategory "13"]

1. Nf3 d5 2. d4 Nc6 3. c4 Bg4 4. Nc3 e6 5. Bf4 Bd6 6. Bg3 Bxf3 7. gxf3 dxc4 8.
e3 Nge7 9. Bxc4 O-O 10. Qc2 Nb4 11. Qb3 Nec6 12. Be2 Qd7 13. Rc1 Na5 14. Qd1 f5
15. Bxd6 Qxd6 16. a3 Nd5 17. Nxd5 exd5 18. Qc2 Qe6 19. Qa4 Nc6 20. Bb5 f4 21.
Bxc6 fxe3 22. Bxb7 exf2+ 23. Kd1 Rxf3 24. Qb5 Rd8 25. Rf1 Qg4 26. Kc2 Qe4+ 27.
Kd2 Qxd4+ 28. Kc2 Qe4+ 29. Kd2 Rf6 30. Rc6 Qd4+ 31. Kc2 Qe4+ 32. Kd2 Qf4+ 33.
Kc2 Qe4+ 1/2-1/2

[Event "Banicky Kahanec 31st"]
[Site "Prievidza"]
[Date "2009.05.07"]
[Round "5"]
[White "Miton, Kamil"]
[Black "Ftacnik, Lubomir"]
[Result "1-0"]
[WhiteElo "2596"]
[BlackElo "2559"]
[PlyCount "81"]
[EventDate "2009.05.02"]
[EventType "tourn"]
[EventRounds "10"]
[EventCountry "SVK"]
[EventCategory "13"]

1. d4 Nf6 2. c4 g6 3. Nf3 Bg7 4. g3 d5 5. cxd5 Nxd5 6. Bg2 Nb6 7. O-O Nc6 8. e3
e5 9. Nc3 exd4 10. exd4 O-O 11. Bg5 f6 12. Qb3+ Kh8 13. Bf4 Ne7 14. Ne1 c6 15.
Nc2 Bf5 16. Rfe1 g5 17. Bd2 Ned5 18. Ne3 Nxe3 19. Bxe3 Bg6 20. d5 Bf7 21. Rad1
Re8 22. a4 Re7 23. Bxb6 Rxe1+ 24. Rxe1 axb6 25. Rd1 Bh5 26. Rd3 cxd5 27. Qxd5
Qxd5 28. Rxd5 h6 29. Rb5 Re8 30. Bxb7 f5 31. Rxb6 f4 32. Kg2 Rf8 33. f3 Rd8 34.
Ne4 Rd3 35. g4 Bf7 36. a5 Re3 37. a6 Bd4 38. a7 Bxb6 39. a8=Q+ Kg7 40. Bd5 Re2+
41. Kf1 1-0

[Event "Banicky Kahanec 31st"]
[Site "Prievidza"]
[Date "2009.05.07"]
[Round "5"]
[White "Markos, Jan"]
[Black "Polak, Tomas"]
[Result "1/2-1/2"]
[WhiteElo "2571"]
[BlackElo "2508"]
[PlyCount "321"]
[EventDate "2009.05.02"]
[EventType "tourn"]
[EventRounds "10"]
[EventCountry "SVK"]
[EventCategory "13"]

1. d4 Nf6 2. c4 c5 3. d5 b5 4. Nd2 bxc4 5. e4 c3 6. bxc3 g6 7. Qf3 d6 8. e5 Bg4
9. Bb5+ Nbd7 10. Qg3 dxe5 11. Ngf3 Bxf3 12. Nxf3 Qa5 13. Rb1 Bg7 14. Nxe5 O-O
15. Nxd7 Nxd7 16. Bxd7 Bxc3+ 17. Kf1 Qxa2 18. Qxc3 Qxb1 19. h4 Rab8 20. Rh3
Rfd8 21. Bc6 Qb4 22. h5 Qxc3 23. Rxc3 f6 24. Be3 Rdc8 25. Bxc5 Rc7 26. Be3 Kf8
27. Bh6+ Kf7 28. d6 Rcc8 29. d7 Rd8 30. hxg6+ hxg6 31. Be3 Rb1+ 32. Ke2 a5 33.
Ba4 Rb7 34. Rc8 Rdxd7 35. Bxd7 Rxd7 36. Ra8 Rd5 37. Bd2 Re5+ 38. Kf1 g5 39.
Rxa5 Re4 40. f3 Rc4 41. Ke2 Rc2 42. Kd3 Rb2 43. Ra7 Rb1 44. Ra2 Rb6 45. Bc3 Rb1
46. Re2 Rb7 47. Bd4 Rc7 48. Ke4 Rc1 49. Be3 Rd1 50. Bc5 Rd7 51. Ra2 Rd1 52. Ra7
Re1+ 53. Kd5 Re2 54. g3 Re5+ 55. Kd4 Re1 56. Bb4 Re2 57. Rc7 Re5 58. Rc3 Rb5
59. Bc5 Rb1 60. Re3 Rd1+ 61. Kc4 Rc1+ 62. Kd5 Rd1+ 63. Kc6 e6 64. Bd6 Rg1 65.
Kd7 e5 66. g4 Rd1 67. Rb3 Rd2 68. Rc3 Rd1 69. Ra3 Rd4 70. Ra7 Rd3 71. Kc6+ Kg6
72. Ra3 Rd1 73. Bc7 Kf7 74. Kb5 Re1 75. Ba5 Re2 76. Bc3 Rf2 77. Bb4 Re2 78. Kc4
e4 79. Kd5 exf3 80. Rxf3 Rg2 81. Bc3 Rxg4 82. Rxf6+ Ke7 83. Rg6 Rf4 84. Be5 Rf1
85. Rg7+ Rf7 86. Rg8 Rf5 87. Rb8 Kf7 88. Ke4 Rf1 89. Rb6 Rf2 90. Kd5 Rf1 91.
Bd4 Rf5+ 92. Ke4 Rf4+ 93. Ke5 Rf3 94. Ra6 Rf1 95. Be3 Re1 96. Kd4 g4 97. Bf4
Re6 98. Ra5 Rb6 99. Ke4 Kf6 100. Rf5+ Ke6 101. Rg5 Rb4+ 102. Ke3 Rb3+ 103. Ke2
Rb4 104. Bd2 Ra4 105. Bc3 Rf4 106. Bg7 Kf7 107. Ke3 Ra4 108. Bd4 g3 109. Ke4
Ra3 110. Be3 Ra4+ 111. Kf3 Ke6 112. Kxg3 Ra1 113. Kf3 Re1 114. Ke4 Kf6 115.
Rf5+ Ke6 116. Re5+ Kd6 117. Kf5 Rf1+ 118. Bf4 Kc6 119. Re2 Rh1 120. Rc2+ Kd5
121. Rd2+ Kc4 122. Ke4 Rh4 123. Rc2+ Kb4 124. Ke5 Rh5+ 125. Kd6 Kb3 126. Rc8
Kb4 127. Be5 Kb5 128. Kd5 Ka5 129. Rb8 Rg5 130. Rb1 Rh5 131. Kd4 Ka6 132. Bd6
Rb5 133. Bb4 Kb7 134. Kc4 Rh5 135. Rg1 Kc6 136. Rg6+ Kd7 137. Rd6+ Ke8 138. Rf6
Kd7 139. Bd6 Rh1 140. Be5 Rd1 141. Bd4 Ke7 142. Rh6 Kd7 143. Kd5 Rd2 144. Rd6+
Ke7 145. Kc6 Kf7 146. Kd7 Rd1 147. Rf6+ Kg7 148. Rf4+ Kg6 149. Ke6 Re1+ 150.
Be5 Kg5 151. Rf3 Kg4 152. Rg3+ Kh4 153. Rg8 Rf1 154. Kd5 Kh5 155. Ke4 Kh6 156.
Bf4+ Kh7 157. Rg4 Rh1 158. Kf5 Rh5+ 159. Kf6 Ra5 160. Bg5 Ra7 161. Bh6 1/2-1/2

[Event "Banicky Kahanec 31st"]
[Site "Prievidza"]
[Date "2009.05.07"]
[Round "5"]
[White "Bartel, Mateusz"]
[Black "Babula, Vlastimil"]
[Result "1-0"]
[WhiteElo "2601"]
[BlackElo "2584"]
[PlyCount "51"]
[EventDate "2009.05.02"]
[EventType "tourn"]
[EventRounds "10"]
[EventCountry "SVK"]
[EventCategory "13"]

1. e4 c5 2. Nf3 e6 3. d4 cxd4 4. Nxd4 Nf6 5. Nc3 d6 6. Be3 Be7 7. g4 d5 8. Bb5+
Kf8 9. exd5 Nxd5 10. Qf3 Nxc3 11. bxc3 Qd5 12. Qxd5 exd5 13. h3 h5 14. O-O-O g6
15. gxh5 Rxh5 16. Be2 Re5 17. h4 Nc6 18. h5 gxh5 19. Bxh5 Bg5 20. Bf3 Bxe3+ 21.
fxe3 Ke7 22. Rh8 Nd8 23. c4 Rxe3 24. cxd5 Bd7 25. Rh6 Kf8 26. Rg1 1-0

[Event "Banicky Kahanec 31st"]
[Site "Prievidza"]
[Date "2009.05.08"]
[Round "6"]
[White "Bartel, Mateusz"]
[Black "Ftacnik, Lubomir"]
[Result "1-0"]
[WhiteElo "2601"]
[BlackElo "2559"]
[PlyCount "89"]
[EventDate "2009.05.02"]
[EventType "tourn"]
[EventRounds "10"]
[EventCountry "SVK"]
[EventCategory "13"]

1. e4 c5 2. Nf3 d6 3. d4 cxd4 4. Nxd4 Nf6 5. Nc3 e6 6. Be3 a6 7. f3 b5 8. Qd2
b4 9. Na4 Nbd7 10. Bc4 Qa5 11. Bb3 Bb7 12. c4 Nc5 13. Nxc5 dxc5 14. Ne2 Rd8 15.
Qc2 Bd6 16. O-O-O Qc7 17. Ba4+ Bc6 18. e5 Bxe5 19. Bxc5 a5 20. f4 Bxa4 21.
Qxa4+ Nd7 22. Rxd7 Rxd7 23. Rd1 Bf6 24. Rd2 Qxc5 25. Qxd7+ Kf8 26. Qd6+ Qxd6
27. Rxd6 Ke7 28. Ra6 Rc8 29. b3 Rc5 30. Ng3 Bd4 31. Ne4 Rh5 32. Kd2 Rxh2 33.
Kd3 Bg1 34. c5 Rxg2 35. Ra7+ Kf8 36. c6 f5 37. Nd6 Bxa7 38. c7 Rg3+ 39. Ke2 Ke7
40. c8=Q Kxd6 41. Qa6+ Kd5 42. Qxa7 Rg2+ 43. Kf3 Rxa2 44. Qd7+ Kc5 45. Qc7+ 1-0

[Event "Banicky Kahanec 31st"]
[Site "Prievidza"]
[Date "2009.05.09"]
[Round "7"]
[White "Markos, Jan"]
[Black "Bartel, Mateusz"]
[Result "0-1"]
[WhiteElo "2571"]
[BlackElo "2601"]
[PlyCount "60"]
[EventDate "2009.05.02"]
[EventType "tourn"]
[EventRounds "10"]
[EventCountry "SVK"]
[EventCategory "13"]

1. Nf3 Nf6 2. g3 b5 3. Bg2 Bb7 4. O-O e6 5. Na3 a6 6. b3 c5 7. c4 Qb6 8. Bb2 d5
9. Nc2 Be7 10. cxd5 Bxd5 11. Ne3 Bb7 12. d4 Nbd7 13. d5 Bxd5 14. Nxd5 exd5 15.
Nh4 Qe6 16. Qc2 O-O 17. Nf5 Rfe8 18. Bh3 Qc6 19. Rad1 Bf8 20. Bg2 Rad8 21. Rd2
Qe6 22. Bh3 Ne4 23. Nxg7 Qxh3 24. Nxe8 Nxd2 25. Qxd2 Bh6 26. Qxd5 Rxe8 27. Rd1
Rxe2 28. Bc3 b4 29. Qf3 Qe6 30. Kf1 bxc3 0-1

[Event "Banicky Kahanec 31st"]
[Site "Prievidza"]
[Date "2009.05.10"]
[Round "8"]
[White "Bartel, Mateusz"]
[Black "Miton, Kamil"]
[Result "1/2-1/2"]
[WhiteElo "2601"]
[BlackElo "2596"]
[PlyCount "59"]
[EventDate "2009.05.02"]
[EventType "tourn"]
[EventRounds "10"]
[EventCountry "SVK"]
[EventCategory "13"]

1. e4 c5 2. Nf3 Nc6 3. d4 cxd4 4. Nxd4 Nf6 5. Nc3 e5 6. Ndb5 h6 7. Nd5 Nxd5 8.
exd5 a6 9. Nc3 Nd4 10. Bd3 d6 11. O-O g6 12. Be3 Bg7 13. Bxd4 exd4 14. Qe2+ Kf8
15. Ne4 Bf5 16. Rae1 Bxe4 17. Qxe4 Bf6 18. a4 Kg7 19. b3 Re8 20. Qxe8 Qxe8 21.
Rxe8 Rxe8 22. a5 Re5 23. f4 Re8 24. g3 g5 25. Kg2 gxf4 26. Rxf4 Re1 27. Rf1
Rxf1 28. Bxf1 Bd8 29. Kf3 Bxa5 30. Bh3 1/2-1/2

[Event "Banicky Kahanec 31st"]
[Site "Prievidza"]
[Date "2009.05.11"]
[Round "9"]
[White "Bartel, Mateusz"]
[Black "Polak, Tomas"]
[Result "1-0"]
[WhiteElo "2601"]
[BlackElo "2508"]
[PlyCount "53"]
[EventDate "2009.05.02"]
[EventType "tourn"]
[EventRounds "10"]
[EventCountry "SVK"]
[EventCategory "13"]

1. e4 b6 2. d4 Bb7 3. Bd3 Nf6 4. Qe2 Nc6 5. c3 e5 6. Nf3 exd4 7. O-O dxc3 8.
Nxc3 d6 9. Bb5 a6 10. Bxc6+ Bxc6 11. e5 Bxf3 12. Qxf3 dxe5 13. Bg5 Be7 14. Rad1
Qc8 15. Qc6+ Kf8 16. Rfe1 h6 17. Bxf6 Bxf6 18. Rd7 h5 19. Nd5 Rh6 20. Nxc7 Rb8
21. Qd5 Kg8 22. Qxf7+ Kh8 23. f4 Qf8 24. Qxf8+ Rxf8 25. fxe5 Bd8 26. Rxd8 Rxd8
27. e6 1-0

[Event "Banicky Kahanec 31st"]
[Site "Prievidza"]
[Date "2009.05.11"]
[Round "9"]
[White "Miton, Kamil"]
[Black "Babula, Vlastimil"]
[Result "1/2-1/2"]
[WhiteElo "2596"]
[BlackElo "2584"]
[PlyCount "60"]
[EventDate "2009.05.02"]
[EventType "tourn"]
[EventRounds "10"]
[EventCountry "SVK"]
[EventCategory "13"]

1. d4 Nf6 2. Nf3 e6 3. c4 b6 4. g3 Bb7 5. Bg2 Be7 6. Nc3 Ne4 7. Bd2 Bf6 8. Qc2
Nxd2 9. Qxd2 d6 10. O-O Nd7 11. Rad1 O-O 12. e4 g6 13. Qc2 Bg7 14. d5 e5 15. h4
Bh6 16. Bh3 Bc8 17. Kg2 Nf6 18. Bxc8 Qxc8 19. Nh2 Nh5 20. Qe2 a6 21. Ng4 Bg7
22. Ne3 Qe8 23. Qg4 Kh8 24. b4 Bh6 25. Qh3 f5 26. Kh1 Qf7 27. Nc2 Qg7 28. Rd3
Rf6 29. Rfd1 Raf8 30. Ne1 Qf7 1/2-1/2